Marvel Heroes by German Names (Simple) #1 - Statistics

General Stats
  • This quiz has been taken 10 times
  • The average score is 9 of 20
Answer Stats
German Name Answer % Correct
Docktor Strange/"Dr. Seltsam" Dr. Strange
100%
Ameise-Mann Ant-Man
89%
Eisen Mann Iron Man
89%
Schwarzer Panther Black Panther
78%
Silber Surfer Silver Surfer
78%
Kabel Cable
56%
Wunder Mädchen/Phönix Marvel Girl/Phoenix
56%
Eisenherz Ironheart
44%
Rakete Waschbär Rocket Raccoon
44%
Sternfuchs Starfox
44%
Spinne-Schinken Spider-Ham
33%
Statur/Stächel Stature/Stinger
33%
Donnervogel Thunderbird
33%
Wächter Guardian
22%
Verwüstung Havok
22%
Kernschmelze Meltdown/Boom-Boom
22%
Mehrfachter Mann Multiple Man
22%
Beben Quake
22%
Kriegspfad Warpath
22%
Spottdrossel Mockingbird
11%
No matching quizzes found
Score Distribution
Percent of People with Each Score
Percentile by Number Answered
Your Score History
You have not taken this quiz